Napoleon nebo Einstein do představenstva?

Prečo si súčasní šéfovia veľkých spoločností berú za vzor postavy z histórie. Vodcovské schopnosti, vízie, osobná charizma historických osobností ako boli- Ježiš, Caesar, Napoleon Bonaparte, Albert Einstein, Winston Churchill, John F. Kennedy. Krátka charakteristika týchto osobností.

Salvato in:
Dettagli Bibliografici
Autore principale: Brož, Ivan
Natura: Capitolo di libro
Lingua:ceco
Soggetti:
Tags: Aggiungi Tag
Nessun Tag, puoi essere il primo ad aggiungerne!!

MARC

LEADER 00000naa$a2200000$$$4500
001 0026855
005 20231018124625.6
041 0 |a cze 
044 |a CZ 
245 1 0 |a Napoleon nebo Einstein do představenstva?  |c Ivan Brož 
520 |a Prečo si súčasní šéfovia veľkých spoločností berú za vzor postavy z histórie. Vodcovské schopnosti, vízie, osobná charizma historických osobností ako boli- Ježiš, Caesar, Napoleon Bonaparte, Albert Einstein, Winston Churchill, John F. Kennedy. Krátka charakteristika týchto osobností. 
610 2 0 |a manažéri 
610 2 0 |a vedenie 
610 2 0 |a vedenie ľudí 
610 2 0 |a vedenie podniku 
610 2 0 |a vzory 
610 2 0 |a história 
610 2 0 |a politika 
610 2 0 |a veda 
100 1 |a Brož, Ivan